Czy znasz imiona i nazwiska członków Ekipy Fantasy - Statystyki

Ogólne statystyki
  • Ten quiz został rozwiązany 423 razy
  • Średni wynik to 4 z 7
Statystyki odpowiedzi
Ksywa Odpowiedź % Poprawnych
Lachu Patryk Lach
96%
Kamyk Adrian Kamiński
82%
Jcob Jakub Weber
72%
N3J Korneliusz Rzeźwicki
61%
Dev Dawid Błach
60%
Koza Kajetan Kaźmierski
36%
Vibe Konrad Gdański
20%
Nie znaleziono quizów pasujących do podanych kryteriów
Rozkład punktacji
Procent ludzi z każdym wynikiem
Percentyl według liczby udzielonych odpowiedzi
Twoja historia wyników
Nie rozwiązałeś tego quizu